<?xml version="1.0" encoding="UTF-8"?><?xml-stylesheet type="text/xsl" href="static/style.xsl"?><OAI-PMH xmlns="http://www.openarchives.org/OAI/2.0/" xmlns:xsi="http://www.w3.org/2001/XMLSchema-instance" xsi:schemaLocation="http://www.openarchives.org/OAI/2.0/ http://www.openarchives.org/OAI/2.0/OAI-PMH.xsd"><responseDate>2026-04-28T20:24:28Z</responseDate><request verb="GetRecord" identifier="oai:riubu.ubu.es:10259/5062" metadataPrefix="marc">https://riubu.ubu.es/oai/request</request><GetRecord><record><header><identifier>oai:riubu.ubu.es:10259/5062</identifier><datestamp>2024-07-17T09:33:49Z</datestamp><setSpec>com_10259_9404</setSpec><setSpec>com_10259_5087</setSpec><setSpec>com_10259_2728</setSpec><setSpec>col_10259_9405</setSpec></header><metadata><record xmlns="http://www.loc.gov/MARC21/slim" xmlns:doc="http://www.lyncode.com/xoai" xmlns:xsi="http://www.w3.org/2001/XMLSchema-instance" xmlns:dcterms="http://purl.org/dc/terms/" xsi:schemaLocation="http://www.loc.gov/MARC21/slim http://www.loc.gov/standards/marcxml/schema/MARC21slim.xsd">
<leader>00925njm 22002777a 4500</leader>
<datafield tag="042" ind1=" " ind2=" ">
<subfield code="a">dc</subfield>
</datafield>
<datafield tag="720" ind1=" " ind2=" ">
<subfield code="a">González Rodrigo, Elena</subfield>
<subfield code="e">author</subfield>
</datafield>
<datafield tag="520" ind1=" " ind2=" ">
<subfield code="a">Estudio y edición filológica de la sátira poética contra las mujeres titulada "Carta del licenciado Diego de Navarrete al Doctor Parra" (ms. Corsini n. 970).</subfield>
</datafield>
<datafield tag="024" ind2=" " ind1="8">
<subfield code="a">http://hdl.handle.net/10259/5062</subfield>
</datafield>
<datafield ind1=" " ind2=" " tag="653">
<subfield code="a">poesía española del Siglo de Oro</subfield>
</datafield>
<datafield ind1=" " ind2=" " tag="653">
<subfield code="a">manuscrito Corsini 970</subfield>
</datafield>
<datafield ind1=" " ind2=" " tag="653">
<subfield code="a">sátira contra las mujeres</subfield>
</datafield>
<datafield ind1=" " ind2=" " tag="653">
<subfield code="a">Golden Age Spanish Poetry</subfield>
</datafield>
<datafield ind1=" " ind2=" " tag="653">
<subfield code="a">manuscript Corsini 970</subfield>
</datafield>
<datafield ind1=" " ind2=" " tag="653">
<subfield code="a">antifeminist satire</subfield>
</datafield>
<datafield tag="245" ind1="0" ind2="0">
<subfield code="a">Una sátira misógina y erótica inédita del Siglo de Oro: estudio y edición de la "Carta del Ldo. Diego de Navarrete" del ms. Corsini n. 970</subfield>
</datafield>
</record></metadata></record></GetRecord></OAI-PMH>